1630 1198 1247 1570 1950 1407 1248 1827 1158 1329 1533 1272 1573 1997 1924 1579 1848 1547 1537 1038 1110 1919 1518 1703 1017 1647 1608 1147 1109 1926 1583 1586 1281 1524 1249 1305 1007 1718 1970 1200 1453 1538 1766 1242 1830 1909 1673 1843 1628 1773 1929 1236 1302 1461 1376 1259 1509 1891 1483 1150 1301 1725 1554 1928 1934 1059 1778 1800 1250 1352 1923 1456 1409 1706 1480 1204 1915 1756 1497 1651 1383 1294 1005 1242 1354 1883 1206 1707 1686 1507 1268 1947 1642 1652 1385 1569 1012 1930 1957 BCNSPRNW ULIB Ver.6.0+V

เปลี่ยนเป็นภาษาไทย

Change to English
 แสดงรายละเอียดบรรณานุกรม
  กลับหน้าหลัก

Brief Record : Get Marc (ISO 2709) : E-mail record : QR code < ปิดหน้าต่าง
LEADER : 00000nam 2200000uu 4500
001    13399128230
003     ULIB
008    220817s2565||||th 000 0 tha d
020    ^a9789742038564
050  4 ^aKPT80.C65^bค127ก
100 0  ^aคณาธิป ทองรวีวงศ์
245 10 ^aคำอธิบายหลักกฎหมายคุ้มครองข้อมูลส่วนบุคคล /^cคณาธิป ทองรวีวงศ์
250    ^aพิมพ์ครั้งที่ 2
260    ^aกรุงเทพฯ :^bนิติธรรม,^c2565
300    ^a636 หน้า :^bภาพประกอบ ;^c27 ซม.
650  4 ^aสิทธิส่วนบุคคล
650  4 ^aการป้องกันข้อมูล^xกฎหมายและระเบียบข้อบังคับ
710 2  ^aมหาวิทยาลัยเกษมบัณฑิต^bคณะนิติศาสตร์
945    ^p550^l0^i29439
945    ^p550^l0^i29440
945    ^p550^l0^i29441
945    ^p550^l0^i29442
945    ^p550^l0^i29443
999    ^aกัณชพร จุลอักษร
รายการนี้ยังไม่มีแท็ก
คุณยังไม่ได้ล็อกอิน คุณสามารถมีกิจกรรมร่วมกับเว็บไซต์ได้ แต่ต้องล็อกอินก่อน ::
  ล็อกอิน

รายการสื่อสารสนเทศ

ลำดับที่ ประเภท เลขเรียก/บาร์โค้ด สถานที่ สถานะ
1. หนังสือสำรอง
หนังสือสำรอง
KPT80.C65 ค127ก ฉ.1 
  Barcode: 29439
ห้องสมุดวิทยาเขตนครสวรรค์
►หนังสือทั่วไป:l:General Books
บนชั้น
2. วิทยาศาสตร์การแพทย์ และสุขภาพ
วิทยาศาสตร์การแพทย์ และสุขภาพ
KPT80.C65 ค127ก ฉ.2 
  Barcode: 29440
ห้องสมุดวิทยาเขตนครสวรรค์
►หนังสือทั่วไป:l:General Books
บนชั้น
3. วิทยาศาสตร์การแพทย์ และสุขภาพ
วิทยาศาสตร์การแพทย์ และสุขภาพ
KPT80.C65 ค127ก ฉ.3 
  Barcode: 29441
ห้องสมุดวิทยาเขตนครสวรรค์
►หนังสือทั่วไป:l:General Books
บนชั้น
4. วิทยาศาสตร์การแพทย์ และสุขภาพ
วิทยาศาสตร์การแพทย์ และสุขภาพ
KPT80.C65 ค127ก ฉ.4 
  Barcode: 29442
ห้องสมุดวิทยาเขตนครสวรรค์
►หนังสือทั่วไป:l:General Books
บนชั้น
5. วิทยาศาสตร์การแพทย์ และสุขภาพ
วิทยาศาสตร์การแพทย์ และสุขภาพ
KPT80.C65 ค127ก ฉ.5 
  Barcode: 29443
ห้องสมุดวิทยาเขตนครสวรรค์
►หนังสือทั่วไป:l:General Books
บนชั้น

รายการใกล้เคียง
    ผู้แต่ง [คณาธิป ทองรวีวงศ์]

    หัวเรื่อง [สิทธิส่วนบุคคล]

BibComment


ยังไม่เคยถูกคอมเมนท์

คอมเมนท์ทรัพยากรรายการนี้
  คอมเมนท์: คำอธิบายหลักกฎหม..


 Copyright 2026. Bcnsprnw @Library